01713nam a2200217Ia 4500001001300000003001000013005001700023008004100040040002500081041000700106100003200113245005100145260002500196300001200221500007300233501023700306520073200543650001001275654001101285700019901296b5537-37385 IT-MiCISF20260430104012.0161014s9999||||xx |||||||||||||| ||und|| aIT-MiCISFcIT-MiCISF ait aAllievi Stefano (a cura di) 0aDonne e religioni.bIl valore delle differenze aBologna,bEMI,c2002 app. 176 a / donna, religione, religioni-non-cristiane, società, famiglia /  aInterventi del settimo incontro cristiano-musulmano "Maschio e femmina li creò" (gen. 1,28) egli è colui che vi ha creati da un solo essere (Cor VI, 189). Genere, religioni e valorizzazione delle differenze, Modena 16-17.11.2001 aIl femminile del religioso è messo in ombra, spesso quasi scompare. Quando anche è nei testi, viene occultato nella storia, ma oggi viene riscoperto grazie al paziente lavoro di recupero e di messa in valore delle donne delle religioni. In questo libro, che contiene gli interventi del settimo incontro cristiano-musulmano, sul tema "Maschio e femmina li creò", non si parla solo di donne e religioni, ma della fatica dell'incontro tra uomini e donne, tra questi e il messaggio che Dio ha affidato loro, tra questo e i libri che lo contengono, tra questi e le religioni che storicamente lo esprimono. In definitiva, di come le religioni indicono sugli uomini e sulle donne, e di come si possano valorizzare le differenze. aDonna asaggio aAllievi S., Breigheche N., Chiaia L., Falà M.A., Fasoli M.G., Di Gesù F., Frisina A., Khatkhouta S., aPiccardo H.R., Prezzi L., Salvarani B., Stringhini N., Triantafyllu A.A., Luzzatti L.V.